Batsányi János Napóleonnak szánt államelméleti munkája 1809-ből

La lutte. Poème lyrique. Appendice concernant la féodalité et le nouveau système d'État européen,- c'est-à-dire la monarchie dotée d'une constitution républicaine, ajouté par l'éditeur. (Der Kampf. Ein lyrisches Gedicht. Nebst einem Anhang über das Feodalwesen und das neue Europä...

Teljes leírás

Elmentve itt :
Bibliográfiai részletek
Szerző: Kövér Lajos
További közreműködők: Batsányi János
Dokumentumtípus: Cikk
Megjelent: University of Szeged, Magyar Medievisztikai Kutatócsoport Szeged 1982
Sorozat:Acta Universitatis Szegediensis : acta historica 72
Kulcsszavak:Államelmélet - magyar - 1809, Magyar irodalom - vers, Magyar irodalom - költészet - 18-19. sz.
Tárgyszavak:
Online Access:http://acta.bibl.u-szeged.hu/2679
LEADER 02484nab a2200265 i 4500
001 acta2679
005 20260205091626.0
008 161015s1982 hu o 000 hun d
022 |a 0324-6965 
040 |a SZTE Egyetemi Kiadványok Repozitórium  |b hun 
041 |a hun 
041 |a fre 
041 |a rus 
100 1 |a Kövér Lajos 
245 1 0 |a Batsányi János Napóleonnak szánt államelméleti munkája 1809-ből  |h [elektronikus dokumentum] /  |c  Kövér Lajos 
260 |a University of Szeged, Magyar Medievisztikai Kutatócsoport  |b Szeged  |c 1982 
300 |a 33-46 
490 0 |a Acta Universitatis Szegediensis : acta historica  |v 72 
520 3 |a La lutte. Poème lyrique. Appendice concernant la féodalité et le nouveau système d'État européen,- c'est-à-dire la monarchie dotée d'une constitution républicaine, ajouté par l'éditeur. (Der Kampf. Ein lyrisches Gedicht. Nebst einem Anhang über das Feodalwesen und das neue Europäische Staatensystem oder die republikanisch konstitutionelle Monarchie, vom Herausgeber). Cet ouvrage, inconnue pendant plus de 150 ans, fut découvert en 1964 par Endre Zsindely, dans la bibliothèque de Schaffhausen. Depuis ce temps-là il est devenu certain que cet ouvrage de Batsányi écrit en allemand et publié en 1810 par l'éditeur Cotta à Tübingen est très important dans son oeuvre par rapport à l'histoire de la littérature et des idées, et aussi à la science historique. Dans notre travail, nous analysons l'ouvrage de Batsányi destiné à Napoléon de deux points de vue. D'une part nous le considérons comme une utopie concernant une théorie d'État éclairé, étroitement liée aux idées des lumières françaises et allemandes (Montesquieu, Rousseau, Raynal, Kant, Herder, Dalberg). D'autre part nous l'examinons en tant que conception politique, en prouvant que la conception de Batsányi en 1809, selon laquelle le Code Napoléon pourrait être le modèle idéal de la base vitale civile d'une indépendance nationale créée à partir des restes de la monarchie Habsbourg par une suprématie française, n'était plus que la fiction d'un moment. 
650 4 |a Bölcsészettudományok 
650 4 |a Történettudomány és régészet 
650 4 |a Nyelvek és irodalom 
695 |a Államelmélet - magyar - 1809, Magyar irodalom - vers, Magyar irodalom - költészet - 18-19. sz. 
700 0 1 |a Batsányi János 
856 4 0 |u http://acta.bibl.u-szeged.hu/2679/1/historica_072_033-046.pdf  |z Dokumentum-elérés